000 00680nam a22002177a 4500
003 UA-OsUOA
001 117436
007 ta
008 20160523b un ||||| |||| 00| 0 ukr d
100 _aЛуцків О.М.
090 _a330(477)
_bЛ86
942 _cSA
040 _aUA-OsUOA
_bukr
_cUA-OsUOA
_dUA-OsUOA
245 _aОсобливості динаміки структурних зрущень в економіці регіонів України
300 _aС.39-51
955 _a0
041 _aukr
080 _a330(477)
773 0 _w117432
_tРегіональна економіка
_dЛьвів
_d2016
_g1
650 7 _a330 Економіка взагалі
_2UDC
999 _c403466
_d403466